[Event "URS-chT Republics 18th Group1"]
[Site "Minsk"]
[Date "1986.07.14"]
[Round "4"]
[White "Novikov, Igor A"]
[Black "Yailian, Mikhail"]
[Result "1-0"]
[WhiteElo "2495"]
[BlackElo "2405"]
[PlyCount "73"]
[EventDate "1986.07.11"]
[EventType "team-tourn"]
[EventRounds "4"]
[EventCountry "URS"]
[SourceTitle "EXT 2020"]
[Source "ChessBase"]
[SourceDate "2019.10.17"]
[SourceVersion "1"]
[SourceVersionDate "2019.10.17"]
[SourceQuality "1"]
[WhiteTeam "Ukraine"]
[BlackTeam "Georgia"]
[WhiteTeamCountry "UKR"]
[BlackTeamCountry "GEO"]

1. d4 Nf6 2. c4 e6 3. Nf3 b6 4. a3 Bb7 5. Nc3 d5 6. cxd5 Nxd5 7. Qa4+ Nd7 8. Nxd5 Bxd5 9. Qc2 Bb7 10. e4 Be7 11. Bb5 0-0 12. Bc6 Bxc6 13. Qxc6 Nf6 14. Bg5 Rc8 15. Rc1 Qe8 16. Ne5 Ng4 17. Be3 Nxe5 18. dxe5 Qxc6 19. Rxc6 Rfd8 20. Ke2 Rd7 21. f4 g6 22. Rhc1 Bd8 23. g4 Ra8 24. f5 Re7 25. f6 Rd7 26. b4 a5 27. b5 a4 28. R1c4 Ra5 29. h4 Ra8 30. h5 gxh5 31. gxh5 Ra5 32. Rb4 Ra8 33. Bh6 Kh8 34. Rb1 Ra5 35. Ke3 Ra8 36. Rc2 Rc8 37. Rg1 1-0